000 00469nam a2200181Ia 4500
005 20250603144417.0
008 250603s9999 xx 000 0 und d
020 _a0132598949 |a 9780132598941
050 _aHD 62 .4 .C38/
100 _aCavusgil, S. Tamer
245 2 _aA framework for international business
260 _aBoston, New York
260 _bPearson Education
260 _c2013
300 _a319 p
650 _aBoston, New York
942 _cBK
999 _c38839
_d38839